000 00679nam a22001817a 4500
003 0
005 20160609165231.0
008 091204t xxu||||| |||| 00| 0 eng d
037 _aM15347
_bBIBLIO -EPAC
040 _aUAC-EPAC
_bF
_cEPAC
082 _a27.APE/AHO
100 _aHouéfa Mardyle Fresnelle AHOUANGBENON
_92411
245 _aPotentialités des jardins botaniques villageois dan la conservation des plantes utilisées en médécine traditionnelle vétérinaire dans les communes de Pehunco et Sinendé au Nord du Bénin
260 _aUAC-EPAC
_bBIBLIO-EPAC
_c2007-2008
300 _aI-57p
_c29cm
650 _aAMENAGEMENT PROTECTION ENVIRONNEMENT
_92412
942 _cTHE
999 _c46605
_d46605